| Поле | Инд. | ПП | Название | Значение |
|---|---|---|---|---|
| Тип записи | a | |||
| Библиографический уровень | b | |||
| 001 | Контрольный номер | RU/IS/BASE/185553014 | ||
| 005 | Дата корректировки | 20220715140325.7 | ||
| 008 | Кодируемые данные | 20051117 | ||
| 084 | a | Индекс другой классификации/Индекс ББК | 66.06 | |
| a | Индекс другой классификации/Индекс ББК | 66.4в6 | ||
| 100 | 1_ | a | Автор | Зуб А. А. |
| q | Полное имя | Зуб Александр Александрович | ||
| 245 | a | Заглавие | Современные инструментальные средства и подходы в прогнозировании международных политических процессов | |
| 504 | a | Библиография | Библиогр. ссылки. - Примеч. | |
| 650 | a | Основная рубрика | международные отношения | |
| a | Основная рубрика | политика | ||
| a | Основная рубрика | политология | ||
| 653 | a | Ключевые слова | международные политические процессы | |
| a | Ключевые слова | метод моделирования | ||
| a | Ключевые слова | методы экспертных оценок | ||
| a | Ключевые слова | методология политических исследований | ||
| a | Ключевые слова | методология политологии | ||
| a | Ключевые слова | методология прогнозирования | ||
| a | Ключевые слова | общенаучные методы | ||
| a | Ключевые слова | политические исследования | ||
| a | Ключевые слова | политические процессы | ||
| a | Ключевые слова | политический прогноз | ||
| a | Ключевые слова | политическое прогнозирование | ||
| a | Ключевые слова | прикладная политология | ||
| a | Ключевые слова | прогнозирование | ||
| a | Ключевые слова | социально-гуманитарные методы | ||
| a | Ключевые слова | специально-научные методы | ||
| 773 | t | Заглавие источника | Вестник Московского университета. Серия 18, Социология и политология | |
| d | Дата издания источника | 2005 | ||
| g | Прочая информация | № 2. - С. 96 - 107 : схем. | ||
| w | Контрольный № источника | RU/IS/BASE/177609356 | ||
| 901 | t | Тип документа | b |